书目信息 |
| 题名: |
热传导及其数值分析
|
|
| 作者: | 俞昌铭 编著 | |
| 分册: | ||
| 出版信息: | 北京 清华大学出版社 1981 |
|
| 页数: | 484页 | |
| 开本: | 21cm | |
| 丛书名: | ||
| 单 册: | ||
| 中图分类: | O551.3 | |
| 科图分类: | ||
| 主题词: | 传热--计算方法 | |
| 电子资源: | ||
| ISBN: | ||
| 000 | 00641nam0 2200241 45 | |
| 001 | 0181005047 | |
| 005 | 20040701091841.3 | |
| 010 | @dCNY2.00 | |
| 091 | @a15235.24 | |
| 100 | @a19950622d1981 em y0chiy0121 ea | |
| 101 | 0 | @achi |
| 102 | @aCN@b110000 | |
| 105 | @ay z 000yy | |
| 106 | @ar | |
| 200 | 10 | @a热传导及其数值分析@Are chuan dao ji qi shu zhi fen xi@f俞昌铭编著 |
| 210 | @a北京@c清华大学出版社@d1981 | |
| 215 | @a484页@d21cm | |
| 606 | @a传热@x计算方法 | |
| 690 | @aO551.3@v3 | |
| 701 | 0 | @a俞昌铭@Ayu chang ming@4编著 |
| 801 | 0 | @aCN@b上海图书馆@c20040518 |
| 801 | 2 | @aCN@bNLC@c20040518 |
| 905 | @dO551.3@e4@b158176@f1 | |
| 热传导及其数值分析/俞昌铭编著.-北京:清华大学出版社,1981 |
| 484页;21cm |
| ISBN :CNY2.00 |
| ● |
| 相关链接 |
|
|
|
|
正题名:热传导及其数值分析
索取号:O551.3/4
 
预约/预借
| 序号 | 登录号 | 条形码 | 馆藏地/架位号 | 状态 | 备注 |
| 1 | 0078361 | 001453910 | 第三借阅区/ [索取号:O551.3/4] | 在馆 | |
| 2 | 0078362 | 200783624 | 第二样本阅览室/ [索取号:O551.3/4] | 在馆 | |
| 3 | 0158176 | 001942839 | 第三借阅区/ [索取号:O551.3/4] | 在馆 | |
| 4 | 0158177 | 001453901 | 第三借阅区/ [索取号:O551.3/4] | 在馆 |